[Event "Open Semana Santa 2023"]
[Site "?"]
[Date "2023.04.06"]
[Round "3.182"]
[White "Bartolome Benito, Alejandro"]
[Black "Domenech Sanz, Vicente"]
[Result "1-0"]
[WhiteElo "1739"]
[BlackElo "1403"]
[PlyCount "53"]

1. e4 Nc6 2. d4 e5 3. d5 Nce7 4. c4 Ng6 5. Be3 Nf6 6. Nc3 Bb4 7. Qc2 Ng4 8. Bd2
Bc5 9. Nd1 Qf6 10. f3 Bxg1 11. Rxg1 Qh4+ 12. g3 Qxh2 13. Rg2 Qh3 14. fxg4 Qxg4
15. Nf2 Qf3 16. Qd3 Qf6 17. Ng4 Qe7 18. O-O-O d6 19. Be2 Bd7 20. Ne3 h5 21. Nf5
Qf8 22. Rh1 Ne7 23. Nxe7 Qxe7 24. Rxh5 O-O-O 25. Rgh2 Rhg8 26. Qe3 f6 27. Qxa7
1-0

[Event "Open Semana Santa 2023"]
[Site "?"]
[Date "2023.04.06"]
[Round "3.183"]
[White "Tomas Amoros, Borja"]
[Black "Romero Garcia, Jose Luis"]
[Result "0-1"]
[WhiteElo "1147"]
[BlackElo "1733"]
[PlyCount "90"]

1. e4 e5 2. d3 Nf6 3. h3 Bc5 4. Nf3 Nc6 5. Nc3 h6 6. Bd2 a5 7. a3 O-O 8. g3 Re8
9. Bg2 d6 10. O-O Nh5 11. Nh4 Nxg3 12. Nf5 Bxf5 13. exf5 Nxf1 14. Kxf1 Qh4 15.
Ne4 Ba7 16. Qf3 Nd4 17. Qd1 d5 18. Ng3 Nxf5 19. Qf3 Nxg3+ 20. fxg3 Qd4 21. Ke1
e4 22. dxe4 Rxe4+ 23. Kd1 Rae8 24. c3 Qe5 25. Kc2 Re2 26. Bf1 Rh2 27. Bd3 Qe3
28. Qf5 Rxd2+ 29. Kb3 Qb6+ 30. Ka4 Rxd3 31. Qxd3 Re4+ 32. b4 axb4 33. cxb4 c5
34. Qb5 Qxb5+ 35. Kxb5 c4 36. Rc1 Bd4 37. a4 Re2 38. a5 Bb2 39. Rd1 c3 40. Rxd5
c2 41. Rd8+ Kh7 42. Rc8 c1=Q 43. Rxc1 Bxc1 44. Kb6 Rb2 45. Kc5 Bd2 0-1

[Event "Open Semana Santa 2023"]
[Site "?"]
[Date "2023.04.06"]
[Round "3.184"]
[White "Martinez Silva, Gabriel"]
[Black "Campos Busquiel, Alejandro"]
[Result "0-1"]
[WhiteElo "1232"]
[BlackElo "1730"]
[PlyCount "54"]

1. d4 Nf6 2. Bf4 e6 3. Nf3 c5 4. e3 Qb6 5. Qc1 Nc6 6. c3 h6 7. Nbd2 d5 8. Bd3
Nh5 9. Be5 Nxe5 10. Nxe5 Nf6 11. O-O cxd4 12. exd4 Bd6 13. Ndf3 O-O 14. Qc2 Bd7
15. g4 Bb5 16. Bxb5 Qxb5 17. h4 Ne4 18. Kg2 Qe8 19. g5 f6 20. Ng4 Qh5 21. Nfh2
fxg5 22. hxg5 Nxg5 23. Ne5 Bxe5 24. dxe5 Qh3+ 25. Kg1 Nf3+ 26. Nxf3 Qg4+ 27.
Kh2 Rxf3 0-1

[Event "Open Semana Santa 2023"]
[Site "?"]
[Date "2023.04.06"]
[Round "3.185"]
[White "Lacaci Otero, Ivan"]
[Black "Priakhin, Nikita"]
[Result "1-0"]
[WhiteElo "1727"]
[BlackElo "1342"]
[Annotator "Usuario"]
[PlyCount "113"]

1. Nf3 d5 2. g3 Nc6 3. Bg2 e5 4. d3 Bf5 5. O-O Nf6 6. Nbd2 Bc5 7. Qe1 e4 8.
dxe4 dxe4 9. Nh4 Qd5 10. Nxf5 Qxf5 11. c3 O-O 12. b4 Bd6 13. Nc4 Be5 14. Nxe5
Qxe5 15. Bf4 Qe7 16. Bg5 Rfe8 17. Qc1 Qe6 18. Qc2 Nd5 19. Rad1 Qe5 20. Bd2 Rad8
21. f4 Qf5 22. b5 Nb8 23. c4 Nb6 24. Be3 Qe6 25. Rxd8 Rxd8 26. Qxe4 Qxe4 $11
27. Bxe4 Nxc4 28. Bc1 c6 29. bxc6 Nxc6 30. Kf2 g6 31. f5 gxf5 32. Bxf5 Rd6 33.
Bf4 N6e5 34. Rc1 Rc6 35. Rd1 Rd6 $11 36. Rxd6 Nxd6 37. Bxe5 Nxf5 38. e4 Ne7 39.
Ke3 Nc6 40. Bf6 h5 41. a3 Kh7 42. Kf4 Kg6 43. Bc3 b5 44. h3 a5 45. Ke3 b4 46.
axb4 axb4 47. Bb2 Kg5 48. Kd3 h4 49. Bc1+ Kg6 50. gxh4 f6 51. Bb2 Ne5+ 52. Bxe5
fxe5 53. Kc4 Kh5 54. Kxb4 Kxh4 55. Kc5 Kg5 56. Kd5 Kf4 57. h4 1-0

[Event "Open Semana Santa 2023"]
[Site "?"]
[Date "2023.04.06"]
[Round "3.186"]
[White "Gallardo Munoz, Adrian"]
[Black "Del Valle Domenech, Trinidad"]
[Result "1-0"]
[WhiteElo "1703"]
[BlackElo "1311"]
[PlyCount "77"]

1. d4 d5 2. Bf4 Nf6 3. Nf3 e6 4. e3 Bd6 5. Bg3 O-O 6. c3 b6 7. Bd3 Ba6 8. Bxa6
Nxa6 9. Qd3 Qc8 10. Ne5 Nb8 11. Nd2 Nfd7 12. Nef3 Nf6 13. e4 Nxe4 14. Nxe4 dxe4
15. Qxe4 Nd7 16. Qc6 Nf6 17. Bxd6 cxd6 18. Qxd6 Qb7 19. O-O Rfd8 20. Qf4 Rac8
21. Ne5 Qd5 22. Rfe1 Qb5 23. Rab1 Qe8 24. h4 Nh5 25. Qf3 f6 26. Nd3 g6 27. g4
Ng7 28. Qxf6 Rc7 29. Ne5 Rd6 30. Re2 Re7 31. Rbe1 Qf8 32. Qxf8+ Kxf8 33. Kg2
Ke8 34. Kg3 Kd8 35. Re4 Kc7 36. Rf4 Rd5 37. Rf7 Kd6 38. c4 Rxd4 39. Rxe7 1-0

[Event "Open Semana Santa 2023"]
[Site "?"]
[Date "2023.04.06"]
[Round "3.187"]
[White "Domenech Briz, Jose"]
[Black "Jaglinski, Aleksander"]
[Result "1-0"]
[WhiteElo "1692"]
[BlackElo "1301"]
[PlyCount "75"]

1. e4 c5 2. Nf3 Nc6 3. d4 cxd4 4. Nxd4 Nf6 5. Nc3 e5 6. Ndb5 d6 7. f3 a6 8. Na3
b5 9. Nd5 Nxd5 10. Qxd5 Bb7 11. Be3 Qd7 12. Qd2 Be7 13. Be2 O-O 14. O-O Rfd8
15. c4 b4 16. Nc2 a5 17. Bb6 Rdb8 18. Rfd1 Ba6 19. Bf2 Qe6 20. b3 Nd8 21. Ne3
Bb7 22. Nf5 Nc6 23. Nxe7+ Qxe7 24. Qxd6 Qxd6 25. Rxd6 Rd8 26. Rad1 Rxd6 27.
Rxd6 Kf8 28. Rd7 Ba6 29. Rc7 Rc8 30. Rxc8+ Bxc8 31. Bb6 Ba6 32. Kf2 Ke7 33. c5
Bxe2 34. Kxe2 Ke8 35. Kd3 Ke7 36. Kc4 Ke6 37. Kb5 Kd7 38. Bxa5 1-0

[Event "Open Semana Santa 2023"]
[Site "?"]
[Date "2023.04.06"]
[Round "3.188"]
[White "Benet Saniger, Xavier"]
[Black "Yug Amit Sonigara"]
[Result "0-1"]
[WhiteElo "1682"]
[BlackElo "1230"]
[PlyCount "84"]

1. d4 d5 2. c4 e6 3. Nc3 Nf6 4. cxd5 exd5 5. Bg5 Be7 6. Bxf6 Bxf6 7. e3 c6 8.
Bd3 Nd7 9. Nge2 Qe7 10. a3 g6 11. Qc2 Bg7 12. h4 Nf6 13. O-O-O Be6 14. Nf4
O-O-O 15. Kb1 Kb8 16. Rhe1 Rhe8 17. Nxe6 Qxe6 18. Na4 Qd6 19. Bf1 Rc8 20. Nc5
Nd7 21. Rc1 Nxc5 22. Qxc5 Qxc5 23. Rxc5 Bxd4 24. Rc2 Bf6 25. g3 Rcd8 26. Rd1 d4
27. exd4 Rxd4 28. Rxd4 Bxd4 29. Bc4 Kc7 30. Kc1 Re1+ 31. Kd2 Bxf2 32. Bxf7 Re7
33. Bg8 Bxg3 34. Rc4 Be5 35. b3 Kd6 36. Rg4 Bb2 37. a4 c5 38. Kd3 a6 39. Re4
Be5 40. Ke3 b5 41. axb5 axb5 42. Kd3 Rg7 0-1

[Event "Open Semana Santa 2023"]
[Site "?"]
[Date "2023.06.01"]
[Round "3.193"]
[White "Demirkol, Kerim Calvelo"]
[Black "Hidalgo Mena, Manel"]
[Result "1-0"]
[WhiteElo "1897"]
[BlackElo "1362"]
[PlyCount "75"]

1. d4 Nf6 2. c4 g6 3. Nf3 Bg7 4. g3 d5 5. Bg2 Bg4 6. Ne5 O-O 7. cxd5 Bf5 8. Nc3
Nbd7 9. e4 Nxe5 10. dxe5 Bg4 11. f3 Bc8 12. exf6 Bxf6 13. Bh6 Re8 14. f4 e5 15.
dxe6 Rxe6 16. Qxd8+ Bxd8 17. Rd1 Re8 18. O-O c6 19. e5 Bb6+ 20. Kh1 Bg4 21. Bf3
Bh3 22. Rfe1 Rad8 23. Bg5 Rc8 24. Ne4 Re6 25. Nd6 Rb8 26. b4 a6 27. Nc4 Bc7 28.
Re2 b5 29. Nd6 a5 30. Rc2 Bd8 31. Nxf7 Kxf7 32. Rxd8 Rxd8 33. Bxd8 axb4 34. g4
Re8 35. Bf6 Ra8 36. Bxc6 Ra3 37. Bd5+ Ke8 38. e6 1-0

[Event "Open Semana Santa 2023"]
[Site "?"]
[Date "2023.04.06"]
[Round "3.194"]
[White "Melero Fernandez, Jose M"]
[Black "Rodriguez Garcia, Miguel"]
[Result "0-1"]
[WhiteElo "1356"]
[BlackElo "1857"]
[PlyCount "46"]

1. e4 e6 2. d3 d5 3. Nd2 Nf6 4. Ngf3 Be7 5. g3 O-O 6. Bg2 b6 7. O-O Bb7 8. Re1
dxe4 9. dxe4 Nxe4 10. Qe2 Nf6 11. b3 c5 12. Bb2 Nbd7 13. c4 Qc7 14. Nf1 Rfd8
15. Ne3 Ne4 16. h4 Bf6 17. Ng4 Bxb2 18. Qxb2 f5 19. Nfe5 Nxe5 20. Nxe5 Rd2 21.
Qc1 Rad8 22. Nf3 Rxf2 23. Rxe4 Qxg3 0-1

[Event "Open Semana Santa 2023"]
[Site "?"]
[Date "2023.06.01"]
[Round "3.195"]
[White "Urios Hernandez, Ramon"]
[Black "Garcia Castany, Jose"]
[Result "1-0"]
[WhiteElo "1844"]
[BlackElo "1354"]
[PlyCount "57"]

1. d4 d5 2. Bf4 e6 3. e3 c5 4. Nf3 Nc6 5. c3 Nf6 6. Nbd2 Be7 7. Bd3 c4 8. Bc2
O-O 9. Ne5 Nxe5 10. dxe5 Nd7 11. h4 f5 12. Nf3 Nc5 13. h5 Ne4 14. Qe2 b5 15.
Nd4 Bd7 16. Rg1 b4 17. f3 Bh4+ 18. g3 b3 19. fxe4 bxc2 20. gxh4 Qxh4+ 21. Kd2
Rab8 22. Kxc2 Ba4+ 23. b3 cxb3+ 24. axb3 Bb5 25. Nxb5 Rxb5 26. Qxb5 Qf2+ 27.
Kd3 Qf3 28. exd5 Qe4+ 29. Kd2 1-0

[Event "Open Semana Santa 2023"]
[Site "?"]
[Date "2023.04.06"]
[Round "3.196"]
[White "Garcia Almeida, Aitana Maria"]
[Black "Santos Anton, Armando"]
[Result "1-0"]
[WhiteElo "1783"]
[BlackElo "1353"]
[PlyCount "65"]

1. c4 e6 2. g3 c6 3. Bg2 Nf6 4. Nc3 Be7 5. d4 d5 6. b3 Qa5 7. Qc2 c5 8. Bd2 Qd8
9. dxc5 Bxc5 10. cxd5 Bd4 11. Nf3 Bxc3 12. Bxc3 Nxd5 13. Bxg7 Rg8 14. Qxh7 Qa5+
15. Nd2 Rxg7 16. Qxg7 Nd7 17. Qd4 b6 18. O-O Ba6 19. Nc4 Qb4 20. Bxd5 exd5 21.
Qxd5 Rd8 22. Nd6+ Ke7 23. Rfd1 Rf8 24. Nf5+ Kf6 25. Qxd7 Qe4 26. Rd6+ Kg5 27.
h4+ Kg4 28. Ng7+ f5 29. Kh2 Bxe2 30. Rd4 Kf3 31. Rxe4 fxe4 32. Qd4 Bd3 33. Kh3
1-0

[Event "Open Semana Santa 2023"]
[Site "?"]
[Date "2023.04.06"]
[Round "3.197"]
[White "Taquet, Eric"]
[Black "Andries, Leia"]
[Result "0-1"]
[WhiteElo "1344"]
[BlackElo "1627"]
[PlyCount "100"]

1. e4 c5 2. Nf3 e6 3. c3 Nf6 4. e5 Nd5 5. d4 cxd4 6. cxd4 d6 7. Nc3 Nxc3 8.
bxc3 Nc6 9. Bd3 dxe5 10. O-O exd4 11. cxd4 Be7 12. Re1 a6 13. Bf4 Bf6 14. Be5
Bxe5 15. Nxe5 Nxe5 16. dxe5 h6 17. Qf3 Qd4 18. Rad1 Qh4 19. Re4 Qg5 20. Rde1
Qe7 21. Rd4 Rb8 22. Rc1 O-O 23. Qe4 g6 24. Qe3 Kg7 25. h4 Rd8 26. Rg4 h5 27.
Rg5 Rh8 28. Qb6 Qd8 29. Qe3 b5 30. Rc6 Bb7 31. Rd6 Qe7 32. Qg3 Rh6 33. Be2 Rc8
34. Bxh5 Rch8 35. Qd3 Bd5 36. g4 Qb7 37. Rxd5 Qxd5 38. Qe2 Rc8 39. f3 Qc5+ 40.
Kg2 Qc2 41. Qxc2 Rxc2+ 42. Kg3 Rxa2 43. f4 b4 44. f5 exf5 45. gxf5 Rxh5 46.
Rxh5 gxh5 47. Kf4 b3 48. Kg5 Rg2+ 49. Kxh5 b2 50. f6+ Kf8 0-1

[Event "Open Semana Santa 2023"]
[Site "?"]
[Date "2023.04.06"]
[Round "3.198"]
[White "Nechifor, David"]
[Black "Gonzalez Bolado, David"]
[Result "1-0"]
[WhiteElo "1626"]
[BlackElo "1344"]
[PlyCount "103"]

1. d4 Nf6 2. c4 g6 3. Nc3 d5 4. cxd5 Nxd5 5. e4 Nxc3 6. bxc3 Bg7 7. Qa4+ Bd7 8.
Qa3 O-O 9. Bg5 f6 10. Bc4+ Kh8 11. Be3 Be8 12. Nf3 Bf7 13. Bxf7 Rxf7 14. Qb3
Rf8 15. Qxb7 Nd7 16. Qb3 e5 17. O-O Qc8 18. Qc4 Nb6 19. Qc6 Qd7 20. Qxd7 Nxd7
21. Nd2 f5 22. f3 Kg8 23. d5 Rfc8 24. Rfc1 Bf8 25. Rab1 Bc5 26. Bxc5 Nxc5 27.
Rd1 Na4 28. Rb3 Rab8 29. Rdb1 Rxb3 30. Rxb3 Nc5 31. Ra3 Ra8 32. Nb3 Nb7 33. Na5
Nc5 34. exf5 gxf5 35. Nc6 Nd7 36. Ne7+ Kf7 37. Nxf5 Kf6 38. Ne3 Nc5 39. Ra5 Nb7
40. Ra6+ Kf7 41. Rc6 Rc8 42. Nc4 Nd8 43. Nd6+ Kf8 44. Nxc8 Nxc6 45. dxc6 a5 46.
Nb6 Ke8 47. Nc4 Ke7 48. Nxa5 Kd6 49. Nc4+ Kd5 50. Nd2 Kxc6 51. Kf2 Kd5 52. Ke3
1-0

[Event "Open Semana Santa 2023"]
[Site "?"]
[Date "2023.04.06"]
[Round "3.199"]
[White "Ferrete Rueda, Juan Carlos"]
[Black "Sharma Siri"]
[Result "1/2-1/2"]
[WhiteElo "1620"]
[BlackElo "1336"]
[PlyCount "74"]

1. e4 e5 2. Nf3 Nc6 3. Bb5 a6 4. Ba4 Nf6 5. d3 Bc5 6. c3 Bb6 7. O-O O-O 8. h3
d6 9. Re1 Bd7 10. Nbd2 Ne7 11. d4 Ng6 12. Nf1 Re8 13. Bc2 Qc8 14. Kh2 c6 15.
Ng3 d5 16. Be3 Qc7 17. Kg1 Rad8 18. Nxe5 dxe4 19. Nxe4 Nxe5 20. Nxf6+ gxf6 21.
dxe5 Bxe3 22. Rxe3 Rxe5 23. Rg3+ Kh8 24. Qf3 Qd6 25. Rd1 Qe7 26. Rd4 f5 27. Qh5
Be6 28. Rdg4 f6 29. Rg7 Qxg7 30. Rxg7 Kxg7 31. Qf3 Rd2 32. Qg3+ Kf7 33. Bb3
Bxb3 34. axb3 Rxb2 35. Qh4 Kg7 36. Qg3+ Kf7 37. Qh4 Kg7 1/2-1/2

[Event "Open Semana Santa 2023"]
[Site "?"]
[Date "2023.04.06"]
[Round "3.200"]
[White "Anton Ortiz, Javier"]
[Black "Herrera Pezo, Enoch"]
[Result "0-1"]
[WhiteElo "1332"]
[BlackElo "1603"]
[PlyCount "58"]

1. e4 c5 2. Nf3 d6 3. Nc3 Nc6 4. d4 cxd4 5. Nxd4 g6 6. Be3 Bg7 7. Nxc6 bxc6 8.
Bd4 Nf6 9. e5 dxe5 10. Bxe5 Qa5 11. Bxf6 Bxf6 12. Qd2 O-O 13. Bc4 Rb8 14. Bb3
Ba6 15. Rb1 Rfd8 16. Qe3 c5 17. a3 c4 18. Ba2 Rxb2 19. O-O Qxc3 20. Qxa7 Rxa2
21. Qxa6 Rxc2 22. Qb6 Rdd2 23. Qb4 Qd4 24. Qb8+ Kg7 25. Qg3 Rc3 26. Qb8 Be5 27.
Qe8 Rcc2 28. Rb8 Bxb8 29. Qxb8 Rxf2 0-1

[Event "Open Semana Santa 2023"]
[Site "?"]
[Date "2023.04.06"]
[Round "3.201"]
[White "Guzman Fuentes, Encarna"]
[Black "Kratz, Jonathan"]
[Result "0-1"]
[WhiteElo "1311"]
[BlackElo "1600"]
[PlyCount "94"]

1. e4 c6 2. d4 d5 3. exd5 cxd5 4. Nf3 Nf6 5. Nc3 Bg4 6. h3 Bxf3 7. Qxf3 e6 8.
Be3 Nc6 9. Qd1 Bd6 10. Nb5 Bb8 11. Na3 a6 12. Be2 Bd6 13. O-O b5 14. c3 Bxa3
15. bxa3 Qa5 16. Qb3 O-O 17. Bd3 Rfc8 18. Rac1 Nd8 19. Bg5 Ne8 20. Qc2 h6 21.
Be7 Nc6 22. Bc5 Nf6 23. Rfe1 Nd7 24. Bd6 Nxd4 25. Qd2 Qb6 26. Bf4 Nf5 27. Re2
Nf6 28. Be5 Qd8 29. Rce1 Nd6 30. Qf4 Nc4 31. Bxc4 Rxc4 32. Qc1 Rac8 33. f3 Nd7
34. Rc2 Nxe5 35. Rxe5 Qc7 36. Re3 d4 37. Rd3 Rxc3 38. Rdxc3 dxc3 39. Kf1 Qc4+
40. Kg1 Qd4+ 41. Kf1 a5 42. Qb1 Qd3+ 43. Kg1 Rd8 44. Kh2 Qd6+ 45. Kh1 Qxa3 46.
Qxb5 Rd1+ 47. Kh2 Qd6+ 0-1

[Event "Open Semana Santa 2023"]
[Site "?"]
[Date "2023.04.06"]
[Round "3.202"]
[White "Galiana Fernandez, Hector"]
[Black "De La Hoz Mulet, Miguel"]
[Result "1-0"]
[WhiteElo "1599"]
[BlackElo "1311"]
[PlyCount "49"]

1. e4 e6 2. d4 d5 3. exd5 exd5 4. Nf3 Nf6 5. Bd3 Bd6 6. O-O O-O 7. c3 Bg4 8.
Nbd2 Nc6 9. h3 Bh5 10. Qc2 Bg6 11. Re1 Bxd3 12. Qxd3 Re8 13. Nf1 Rxe1 14. Nxe1
Ne4 15. Ne3 Qh4 16. Qe2 Ne7 17. Nf3 Qh5 18. c4 c6 19. cxd5 cxd5 20. Qb5 b6 21.
Nd2 Rc8 22. Nxe4 Bf4 23. Ng3 Qg6 24. Qd7 Bg5 25. Nxd5 1-0

[Event "Open Semana Santa 2023"]
[Site "?"]
[Date "2023.04.06"]
[Round "3.203"]
[White "Petrashko, Vladyslav"]
[Black "Roche Fraile, Carlos"]
[Result "1/2-1/2"]
[WhiteElo "1290"]
[BlackElo "1593"]
[PlyCount "144"]

1. e4 e5 2. Nf3 Nf6 3. Nxe5 d6 4. Nf3 Nxe4 5. Qe2 Qe7 6. d3 Nf6 7. Qxe7+ Bxe7
8. Be2 O-O 9. O-O Nc6 10. Nc3 d5 11. d4 Bf5 12. Bf4 Rac8 13. Rac1 a6 14. Bg5
Rfd8 15. h3 h6 16. Bf4 Ne4 17. Nd1 Bd6 18. Bxd6 Nxd6 19. Ne3 Be4 20. c3 Na5 21.
b3 Nc6 22. Nd2 Ne7 23. Nxe4 Nxe4 24. f3 Ng3 25. Rfe1 Re8 26. Kf2 Nh5 27. Bd3
Nf4 28. Bc2 c6 29. Rcd1 h5 30. Nf5 Nxf5 31. Bxf5 Rcd8 32. g3 g6 33. gxf4 gxf5
34. Rg1+ Kh7 35. Rg5 Kh6 36. Rxf5 Re7 37. Re5 Rxe5 38. fxe5 Rg8 39. c4 Rc8 40.
f4 dxc4 41. bxc4 b5 42. c5 a5 43. Ke3 b4 44. Kd3 Kg6 45. Kc4 Kf5 46. Kb3 Kxf4
47. Kc4 Kg3 48. h4 Kxh4 49. Rh1+ Kg4 50. Rg1+ Kf5 51. Rh1 Rh8 52. d5 cxd5+ 53.
Kxd5 Rd8+ 54. Kc6 Kxe5 55. Rxh5+ Ke6 56. Kb5 Ra8 57. c6 f5 58. Kb6 a4 59. Kb7
Rf8 60. c7 b3 61. axb3 axb3 62. Rh6+ Kd5 63. c8=Q Rxc8 64. Kxc8 b2 65. Rb6 f4
66. Rxb2 Ke4 67. Kd7 f3 68. Kd6 Ke3 69. Rb3+ Ke2 70. Rb2+ Ke1 71. Ke5 f2 72.
Rxf2 Kxf2 1/2-1/2

[Event "Open Semana Santa 2023"]
[Site "?"]
[Date "2023.04.06"]
[Round "3.204"]
[White "Mateu Guiu, Esteve"]
[Black "Sanfelix Dominguez, Juan Vicente"]
[Result "1-0"]
[WhiteElo "2071"]
[BlackElo "1730"]
[PlyCount "47"]

1. d4 Nf6 2. c4 d5 3. cxd5 Nxd5 4. Nf3 e6 5. e4 Nf6 6. Nc3 Bb4 7. Bd3 c5 8.
dxc5 Bxc5 9. O-O Nc6 10. e5 Ng4 11. Bf4 h5 12. Ne4 Be7 13. Qe2 Kf8 14. Rfd1 Nd4
15. Nxd4 Qxd4 16. Bb5 Qb6 17. h3 Nh6 18. Be3 Qa5 19. Nd6 Nf5 20. Bc5 a6 21. b4
Qc7 22. Rac1 axb5 23. Nxb5 Bxc5 24. Nxc7 1-0

[Event "Open Semana Santa 2023"]
[Site "?"]
[Date "2023.04.06"]
[Round "3.205"]
[White "Planelles Ortega, Emilio"]
[Black "Corpa Rios, Flavio"]
[Result "1-0"]
[WhiteElo "1592"]
[BlackElo "1289"]
[PlyCount "131"]

1. d4 d5 2. Bf4 c5 3. c3 Qb6 4. b3 cxd4 5. cxd4 Nc6 6. e3 Bf5 7. Bd3 e6 8. Bxf5
Bb4+ 9. Nd2 exf5 10. Ngf3 Nf6 11. O-O O-O 12. a3 Bxd2 13. Nxd2 Ne4 14. Nxe4
fxe4 15. b4 a5 16. Bd6 Rfe8 17. Bc5 Qc7 18. bxa5 Nxa5 19. Rb1 Nc4 20. a4 Ra6
21. Re1 Rea8 22. Qb3 b6 23. Bb4 Rxa4 24. Rec1 Qa7 25. g3 b5 26. Bc5 Nd2 27.
Qxb5 Qc7 28. Bb4 Nf3+ 29. Kg2 Qd8 30. Rc5 Ra1 31. Rxd5 Qf6 32. Bc3 Rxb1 33.
Qxb1 Qa6 34. Rb5 h5 35. Rb8+ Rxb8 36. Qxb8+ Kh7 37. Qf4 Qc6 38. Bb4 Kg8 39. Bc5
Ne1+ 40. Kh3 Qe6+ 41. g4 hxg4+ 42. Qxg4 Qh6+ 43. Kg3 Nd3 44. Qxe4 Qh3+ 45. Kxh3
Nxf2+ 46. Kg3 Nxe4+ 47. Kf3 f5 48. Kf4 g6 49. Ke5 Kf7 50. h4 Nf6 51. d5 Ng4+
52. Kf4 Kf6 53. e4 Ne5 54. Bd4 fxe4 55. Bxe5+ Ke7 56. Kxe4 Kf7 57. Bf4 Ke7 58.
Ke5 Kf7 59. Bg5 Ke8 60. Kd6 Kf7 61. Kc7 Ke8 62. d6 Kf7 63. d7 Ke6 64. d8=Q Kf5
65. Qf6+ Kg4 66. Qxg6 1-0

[Event "Open Semana Santa 2023"]
[Site "?"]
[Date "2023.04.06"]
[Round "3.206"]
[White "Garcia Perez, Sergio"]
[Black "Segarra Victorio, Israel"]
[Result "1/2-1/2"]
[WhiteElo "1288"]
[BlackElo "1586"]
[PlyCount "125"]

1. e4 e6 2. d4 d5 3. e5 c5 4. c3 Nc6 5. Nf3 Qb6 6. Be3 Qxb2 7. Nbd2 cxd4 8.
cxd4 Bb4 9. Be2 Bxd2+ 10. Bxd2 Bd7 11. Be3 Nge7 12. O-O O-O 13. Bd3 Qa3 14.
Bxh7+ Kxh7 15. Ng5+ Kg6 16. Qg4 f5 17. exf6 gxf6 18. Ne4+ Kf7 19. Qh5+ Kg7 20.
Bh6+ Kh7 21. Bc1+ Kg7 22. Bxa3 dxe4 23. Qg4+ Kf7 24. Qxe4 Rg8 25. Bxe7 Nxe7 26.
f3 Bc6 27. Qe2 Nd5 28. Rf2 Nf4 29. Qd2 Nh3+ 30. Kf1 Nxf2 31. Kxf2 Rg6 32. Re1
Rag8 33. g4 Rh8 34. Kg3 Rgh6 35. Re2 Rh3+ 36. Kf2 Bxf3 37. Kg1 Bxe2 38. Qxe2
Rxh2 39. Qc4 Rb2 40. d5 Rhh2 41. dxe6+ Ke7 42. Qc7+ Kxe6 43. Qc8+ Kf7 44. Qd7+
Kg6 45. Qf5+ Kg7 46. Qd7+ Kh6 47. Qf7 Rbg2+ 48. Kf1 Rf2+ 49. Kg1 Rhg2+ 50. Kh1
Rxg4 51. Qf8+ Rg7 52. Qc5 Rxa2 53. Qe3+ Rg5 54. Qe7 Rg6 55. Qf8+ Kh5 56. Qc5+
Rg5 57. Qe7 Raa5 58. Qh7+ Kg4 59. Qe4+ Kh3 60. Qe3+ Kh4 61. Qf4+ Rg4 62. Qh2+
Kg5 63. Qd2+ 1/2-1/2

[Event "Open Semana Santa 2023"]
[Site "?"]
[Date "2023.04.06"]
[Round "3.207"]
[White "Fenoll Molina, Cesar"]
[Black "Kondrashov, Ivan V"]
[Result "0-1"]
[WhiteElo "1279"]
[BlackElo "1582"]
[PlyCount "36"]

1. d4 d6 2. Bg5 g6 3. e3 Bg7 4. Bd3 Nd7 5. Nf3 h6 6. Bh4 Ngf6 7. Nbd2 O-O 8.
O-O g5 9. Bg3 Nh5 10. Ne1 Nxg3 11. fxg3 e5 12. c3 Qe7 13. Nc2 Nf6 14. Bf5 Be6
15. Ne4 Bxf5 16. Nxf6+ Qxf6 17. g4 Bxc2 18. Qxc2 Qg6 0-1

[Event "Open Semana Santa 2023"]
[Site "?"]
[Date "2023.04.06"]
[Round "3.208"]
[White "Burriel Ureta, Raul"]
[Black "Prochaieva, Olha"]
[Result "1-0"]
[WhiteElo "1579"]
[BlackElo "1282"]
[PlyCount "89"]

1. e4 c5 2. Nf3 e6 3. d3 a6 4. g3 b5 5. Bg2 Bb7 6. Nbd2 d6 7. O-O Nd7 8. Re1
Ngf6 9. Nf1 Be7 10. c3 O-O 11. h4 Qc7 12. N1h2 c4 13. dxc4 Qxc4 14. e5 Nd5 15.
exd6 Bxd6 16. Ng5 N7f6 17. h5 h6 18. Ne4 Nxe4 19. Bxe4 Rfd8 20. Qf3 Rab8 21. g4
Qc7 22. Nf1 Nf6 23. Bxb7 Qxb7 24. Qh3 Qd5 25. Be3 Qc4 26. Bd4 Nd5 27. Nd2 Qc6
28. Ne4 Nf4 29. Qf3 Rbc8 30. Re3 Nd5 31. Nxd6 Qxd6 32. Re4 Qe7 33. Qg3 Qg5 34.
f4 Qe7 35. g5 hxg5 36. fxg5 Qd6 37. Qg4 Rc4 38. h6 gxh6 39. gxh6+ Kf8 40. h7
Ke7 41. Qg5+ Kd7 42. Qxd8+ Kxd8 43. h8=Q+ Kd7 44. Qg7 Ke7 45. Rf1 1-0

[Event "Open Semana Santa 2023"]
[Site "?"]
[Date "2023.04.06"]
[Round "3.209"]
[White "Rouiller, Leonard"]
[Black "Ortega Moya, Juan Francisco"]
[Result "0-1"]
[WhiteElo "1573"]
[BlackElo "1271"]
[PlyCount "96"]

1. e4 c5 2. Nf3 d6 3. c3 Nc6 4. d4 cxd4 5. cxd4 e6 6. Nc3 a6 7. Bd3 Bd7 8. O-O
Nge7 9. Re1 Ng6 10. d5 Nce5 11. Bc2 Nxf3+ 12. Qxf3 e5 13. Be3 Be7 14. Na4 Bxa4
15. Bxa4+ b5 16. Bb3 Bg5 17. Rac1 Bxe3 18. Rxe3 O-O 19. Rec3 Qg5 20. Qd1 h5 21.
Rg3 Qh6 22. Rc6 Nf4 23. h4 Qf6 24. Rg5 Qe7 25. Qc2 f6 26. Rc7 Qxc7 27. Qxc7
fxg5 28. hxg5 Rac8 29. Qxd6 Rc1+ 30. Kh2 Nd3 31. Qe6+ Kh7 32. Qh3 Rh1+ 33. Kxh1
Nxf2+ 34. Kh2 Nxh3 35. Kxh3 Kg6 36. g3 Kxg5 37. Kg2 h4 38. a4 bxa4 39. Bxa4 a5
40. b3 hxg3 41. Kxg3 Rf4 42. d6 Rxe4 43. d7 Rd4 44. Kh3 Kf4 45. Kh4 g5+ 46. Kh5
Kf5 47. Kh6 Kf6 48. Bc6 Rh4# 0-1

[Event "Open Semana Santa 2023"]
[Site "?"]
[Date "2023.04.06"]
[Round "3.210"]
[White "Mulet Salva, Jeroni"]
[Black "Mansor Habash, Zouheir"]
[Result "0-1"]
[WhiteElo "1263"]
[BlackElo "1570"]
[PlyCount "68"]

1. e4 c5 2. d4 e6 3. Nf3 cxd4 4. Nxd4 Nc6 5. Bf4 Nf6 6. Nb5 e5 7. Bg5 Qa5+ 8.
N1c3 Nxe4 9. Bd2 Nxc3 10. Bxc3 Qb6 11. Bc4 Bc5 12. Nd6+ Ke7 13. Ne4 Bb4 14. Qd5
Bxc3+ 15. bxc3 Nd8 16. Qxe5+ Ne6 17. O-O Re8 18. Qf5 h6 19. Rfe1 Qc7 20. Nc5
Kf8 21. Nxe6+ dxe6 22. Qe4 Kg8 23. Rad1 Bd7 24. Bd3 Qxc3 25. Qxb7 Bc6 26. Qc7
Rec8 27. Qg3 Bd5 28. Re3 Qc5 29. Re5 Qc7 30. f4 Bxa2 31. Rh5 Bc4 32. Be4 Bd5
33. Bd3 Qc5+ 34. Kh1 Bxg2+ 0-1

[Event "Open Semana Santa 2023"]
[Site "?"]
[Date "2023.04.06"]
[Round "3.211"]
[White "Pardo Ruiz, Beatriz"]
[Black "Ortiz Maseres, Roberto"]
[Result "1-0"]
[WhiteElo "1570"]
[BlackElo "1268"]
[PlyCount "149"]

1. e4 d5 2. exd5 Nf6 3. d4 Bg4 4. f3 Bf5 5. Bb5+ c6 6. dxc6 bxc6 7. Bc4 e6 8.
Bg5 Be7 9. Ne2 Qa5+ 10. Qd2 Qb6 11. Bb3 O-O 12. O-O Rd8 13. c3 c5 14. Qc1 Nc6
15. Be3 cxd4 16. Nxd4 Nxd4 17. Bxd4 Qa5 18. Nd2 Rac8 19. Nc4 Qb5 20. Rd1 Rxc4
21. Bxc4 Qxc4 22. Bxa7 Ra8 23. b3 Qc7 24. Be3 Nd5 25. Bd4 e5 26. Bf2 Nxc3 27.
Re1 Rc8 28. Qe3 Bf6 29. Rec1 Be7 30. Kh1 Bb4 31. a3 Bd6 32. Be1 Nd5 33. Qd2 Qb7
34. Rxc8+ Bxc8 35. Rd1 Be6 36. b4 Be7 37. Bf2 h6 38. Bg3 f6 39. Rc1 Qa6 40. Qb2
Qb5 41. Qc2 Qa6 42. Qc6 Qxc6 43. Rxc6 Bd7 44. Rc1 g5 45. Bf2 h5 46. Bc5 Kf7 47.
Bxe7 Kxe7 48. Kg1 f5 49. Kf2 Kf6 50. Rc5 Ke6 51. g3 f4 52. gxf4 Nxf4 53. Ke3
Nd5+ 54. Ke4 Nf6+ 55. Kd3 Kd6 56. Kc4 Be6+ 57. Kb5 Bd7+ 58. Ka6 Nd5 59. Rc1
Nc7+ 60. Kb6 Nd5+ 61. Kb7 Ba4 62. Ka6 Nc7+ 63. Ka5 Bc6 64. a4 Bxf3 65. b5 Bb7
66. b6 Nd5 67. Kb5 Ne7 68. a5 Bc6+ 69. Ka6 Nd5 70. Ka7 Nxb6 71. Rxc6+ Kxc6 72.
axb6 e4 73. b7 e3 74. b8=Q e2 75. Qe8+ 1-0

[Event "Open Semana Santa 2023"]
[Site "?"]
[Date "2023.04.06"]
[Round "3.212"]
[White "Zoukou, Ylann"]
[Black "Cervera Diaz, Aaron"]
[Result "1-0"]
[WhiteElo "1555"]
[BlackElo "1253"]
[PlyCount "101"]

1. e4 e6 2. d4 d5 3. Nc3 Nf6 4. e5 Nfd7 5. f4 c5 6. Nf3 Nc6 7. Be3 Qb6 8. Na4
Qa5+ 9. c3 cxd4 10. Nxd4 Nxd4 11. Bxd4 b5 12. Nc5 Nxc5 13. b4 Qc7 14. Bxc5 Bxc5
15. Bxb5+ Bd7 16. Bxd7+ Kxd7 17. bxc5 Qxc5 18. Qa4+ Qc6 19. Qxc6+ Kxc6 20. Kd2
Rab8 21. Rab1 Rb6 22. Rxb6+ axb6 23. Rb1 f6 24. exf6 gxf6 25. Re1 Re8 26. Kd3
Kc5 27. g4 h6 28. h4 e5 29. fxe5 fxe5 30. g5 e4+ 31. Kd2 hxg5 32. hxg5 Rg8 33.
Rg1 b5 34. g6 Kd6 35. g7 Kc5 36. Rg6 b4 37. cxb4+ Kxb4 38. a3+ Kc4 39. Ke3 Kb3
40. Kd4 Kc2 41. a4 Kd2 42. Rg2+ Kd1 43. a5 Ke1 44. Ke3 Kf1 45. Rf2+ Kg1 46. Rf7
Kg2 47. a6 Kg3 48. a7 Ra8 49. Rf8 Rxa7 50. g8=Q+ Kh4 51. Kf4 1-0